000 00285nam a22001337a 4500
008 181015b xxu||||| |||| 00| 0 eng d
020 _a9780071779791
041 _aeng
080 _a531
100 _a43
101 _aFIZ
245 _aCollege Physics
_cBueche.F
942 _2udc
_cBK
999 _c49761
_d49761